000 00292nam a22001337a 4500
008 170405b xxu||||| |||| 00| 0 eng d
020 _a9780131442009
041 _aeng
080 _29 ED
_a574
100 _a9
101 _aSHM
245 _aENVIROMENT SCIENCE
_cWRIGHT.R.T
942 _2udc
_cBK
999 _c9706
_d9706